000 02506cam a22003374a 4500
001 7089464
003 ARRUPE
005 20150505112834.0
008 081107s2009 nyu b 001 0 eng
010 _a 2008048765
020 _a9780231154161 (cloth : alk. paper)
020 _a023115416X (cloth : alk. paper)
035 _a(OCoLC)ocn276139530
035 _a(NNC)7089464
040 _aDLC
_cDLC
_dYDX
_dBTCTA
_dYDXCP
_dOrLoB-B
050 0 0 _aBX1390
_b.L54 2009
082 0 0 _a282.09/045
_222
100 1 _aLinden, Ian.
_917675
245 1 0 _aGlobal Catholicism :
_bdiversity and change since Vatican II /
_cIan Linden.
260 _aNew York :
_bColumbia University Press,
_cc2009.
300 _aviii, 337 p. ;
_c23 cm.
504 _aIncludes bibliographical references (p. 283-323) and index.
505 0 0 _g1.
_tThe Legacy of Anti-Modernism --
_g2.
_tDominican and Jesuit Pioneers --
_g3.
_tThe Vatican Council: Early Stages --
_g4.
_tThe Vatican Council: A New Vision --
_g5.
_tThe Church of the Poor in Latin America --
_g6.
_tThe Church in Conflict --
_g7.
_tRadicals and Liberals in the Philippines and South Africa --
_g8.
_tDemocracy and Nationalism in Africa --
_g9.
_tInculturation and Dialogue with Islam --
_g10.
_tA Global Church in the Twenty-First Century.
520 1 _a"Global Catholicism charts the complex history of the forces of renewal unleashed on the Roman Catholic Church by the Second Vatican Council and the counter-forces that were mobilised against it during the last half century. Ian Linden offers a comprehensive analysis of how much the Catholic Church has lived up to the Council's promise, come to terms with pluralism, modernity, and different forms of spirituality and become a genuinely world Church, the only competitor to global Islam in the twenty-first century. He focuses notably on changes that had wider historical importance than the internal evolution of the Roman Catholic Church as a religious organisation: war and peace, nationalism and democratisation in Africa, liberation theology, military dictatorships, guerrilla movements in Latin America, Africa and Philippines, interaction with communist governments, inculturation and relations with resurgent Islam."--BOOK JACKET.
610 2 0 _aCatholic Church
_xHistory
_y1965-
_94086
611 2 0 _aVatican Council
_n(2nd :
_d1962-1965 :
_cBasilica di San Pietro in Vaticano)
_917676
900 _bTOC
942 _2lcc
_cMONOGRAPH
948 1 _a20090310
_bc
_crad1
_dMPS
948 2 _a20090324
_ba
_crad1
_dMPS
999 _c122802
_d122802